| 000 | 00514ntaaa2200181 4500 | ||
|---|---|---|---|
| 003 | 01 | ||
| 005 | 20251027203033.0 | ||
| 008 | 0714s1973 ag 01 | ||
| 040 |
_aAR-BaBN _bspa _cAR-BaBN _eaacr _dRIC |
||
| 082 | _a268.6100 W73 | ||
| 100 |
_aWinton, G. B _931390 |
||
| 245 | _aNotas explicativas de las lecciones dominicales internacionales para 1920 | ||
| 250 | _a1 ed. | ||
| 260 |
_aNew York : _bSociedad Americana de Tratados, _c1920 |
||
| 300 | _a230 p | ||
| 700 |
_aOrtis González, Juan _931391 |
||
| 942 | _cBK | ||
| 999 |
_c25709 _d25709 |
||